L'etat comme organisatión coercitive de la societé politique / (Registro nro. 28627)
[ vista simple ]
| 000 -LEADER | |
|---|---|
| campo de control de longitud fija | 00473nam a2200157 i 4500 |
| 001 - NÚMERO DE CONTROL | |
| campo de control | 28627 |
| 003 - IDENTIFICADOR DE NÚMERO DE CONTROL | |
| campo de control | ES-MaACL |
| 005 - FECHA Y HORA DE LA ÚLTIMA TRANSACCIÓN | |
| campo de control | 20230906153912.0 |
| 007 - CAMPO FIJO DE DESCRIPCIÓN FÍSICA--INFORMACIÓN GENERAL | |
| campo de control de longitud fija | t| |
| 008 - DATOS DE LONGITUD FIJA--INFORMACIÓN GENERAL | |
| campo de control de longitud fija | 030117s1896 fr ||||1| fre d |
| 100 1# - ENTRADA PRINCIPAL--NOMBRE DE PERSONA | |
| Nombre de persona | Balicki, Sigismond. |
| 9 (RLIN) | 24938 |
| 245 12 - MENCIÓN DEL TÍTULO | |
| Título | L'etat comme organisatión coercitive de la societé politique / |
| Mención de responsabilidad, etc. | Sigismond Balicki. |
| 260 ## - PUBLICACIÓN, DISTRIBUCIÓN, ETC. | |
| Lugar de publicación, distribución, etc. | París : |
| Nombre del editor, distribuidor, etc. | [s.n., |
| Fecha de publicación, distribución, etc. | 1896] ( |
| Fabricante | V. Siard et E. Briére) |
| 300 ## - DESCRIPCIÓN FÍSICA | |
| Extensión | 182 p. ; |
| Dimensiones | 23 cm. |
| 852 ## - LOCALIZACIÓN | |
| Ubicación | ES-MaACL |
| Número de control de estantería | F-11125 |
| Estatus retirado | Estado de pérdida | Estado de daño | No para préstamo | Colección | Biblioteca de origen | Biblioteca actual | Ubicación en estantería | Fecha de adquisición | Fuente de adquisición | Total de préstamos | Signatura topográfica completa | Código de barras | Visto por última vez | Precio de reemplazo | Tipo de ítem Koha |
|---|---|---|---|---|---|---|---|---|---|---|---|---|---|---|---|
| Libros del s. XIX | Biblioteca del Ateneo de Madrid | Biblioteca del Ateneo de Madrid | Sala Pecera Planta 2 | 17/01/2008 | F-11125 | 1029558 | 23/02/2023 | 23/02/2023 | Libro impreso antiguo |
